1765 1552 1881 1964 1397 2000 1166 1925 1856 1488 1236 1653 1702 1048 1780 1063 1917 1411 1625 1634 1079 1957 1578 1240 1221 1438 1386 1978 1503 1217 1978 1827 1896 1691 1614 1544 1958 1940 1381 1968 1909 1061 1496 1382 1065 1282 1880 1936 1348 1297 1952 1656 1342 1443 1775 1326 1816 1979 1426 1312 1961 1534 1705 1616 1096 1015 1755 1956 1266 1820 1810 1725 1533 1938 1064 1450 1845 1865 1453 1603 1394 1597 1289 1245 1952 1596 1210 1386 1023 1702 1574 1112 1136 1970 1457 1139 1190 1000 1289 BCNSPRNW ULIB Ver.6.0+V

เปลี่ยนเป็นภาษาไทย

Change to English
 แสดงรายละเอียดบรรณานุกรม
  กลับหน้าหลัก

Brief Record : Get Marc (ISO 2709) : E-mail record : QR code < ปิดหน้าต่าง
LEADER : 00000nam 2200000uu 4500
001    13399126320
003     ULIB
008    020711s2560 th a 000 0 tha d
020    ^a9786164403437
060    ^aWM55^bพ887ก
100    ^aเพ็ญนภา กุลนภาดล
245    ^aการปรึกษาครอบครัว=Family counseling
250    ^aพิมพ์ครั้งที่ 2
260    ^aกรุงเทพฯ :^bห้างหุ้นส่วนจำกัดแฮม คอมพิว ออฟเซท,^c2560
300    ^a239 หน้า;^b26 ซม.
650    ^aครอบครัว
650    ^aการให้การปรึกษา
945    ^p280^l0^i004550
945    ^p280^l0^i004549
945    ^p280^l0^i004548
999    ^aประนอม เกษจรัล
รายการนี้ยังไม่มีแท็ก
คุณยังไม่ได้ล็อกอิน คุณสามารถมีกิจกรรมร่วมกับเว็บไซต์ได้ แต่ต้องล็อกอินก่อน ::
  ล็อกอิน

รายการสื่อสารสนเทศ

ลำดับที่ ประเภท เลขเรียก/บาร์โค้ด สถานที่ สถานะ
1. วิทยาศาสตร์การแพทย์ และสุขภาพ
หนังสือสำรอง
สถานะ=หนังสือสำรอง
WM55 พ887ก ฉ.1 
  Barcode: 004548
ห้องสมุดวิทยาเขตสวรรค์ประชารักษ์
►หนังสือทั่วไป
บนชั้น
2. วิทยาศาสตร์การแพทย์ และสุขภาพ
วิทยาศาสตร์การแพทย์ และสุขภาพ
WM55 พ887ก ฉ.2 
  Barcode: 004549
ห้องสมุดวิทยาเขตสวรรค์ประชารักษ์
►หนังสือทั่วไป
บนชั้น
3. วิทยาศาสตร์การแพทย์ และสุขภาพ
วิทยาศาสตร์การแพทย์ และสุขภาพ
WM55 พ887ก ฉ.3 
  Barcode: 004550
ห้องสมุดวิทยาเขตสวรรค์ประชารักษ์
►หนังสือทั่วไป
บนชั้น

รายการใกล้เคียง
    ชื่อเรื่อง [การปรึกษาครอบครัว=Family counseling]

    หัวเรื่อง [ครอบครัว]
    หัวเรื่อง [การให้การปรึกษา]

BibComment


ยังไม่เคยถูกคอมเมนท์

คอมเมนท์ทรัพยากรรายการนี้
  คอมเมนท์: การปรึกษาครอบครั..


 Copyright 2026. Bcnsprnw @Library